书目信息 |
| 题名: |
李国文说宋
|
|
| 作者: | 李国文 著 | |
| 分册: | ||
| 出版信息: | 沈阳 万卷出版公司 2016 |
|
| 页数: | 343页 | |
| 开本: | 21cm | |
| 丛书名: | ||
| 单 册: | ||
| 中图分类: | K244.07 | |
| 科图分类: | ||
| 主题词: | 宋代--song dai--历史--研究 | |
| 电子资源: | ||
| ISBN: | 978-7-5470-4181-9 | |
| 000 | 00771nam0 22002291 450 | |
| 001 | 0120081954 | |
| 005 | 20170320081954.0 | |
| 010 | @a978-7-5470-4181-9@b精装@dCNY42.80 | |
| 100 | @a20161027d2016 em y0chiy50 ea | |
| 101 | 1 | @achi |
| 102 | @aCN@b210000 | |
| 105 | @ay z 000yy | |
| 106 | @ar | |
| 200 | 1 | @a李国文说宋@9li guo wen shuo song@f李国文著 |
| 210 | @a沈阳@c万卷出版公司@d2016 | |
| 215 | @a343页@d21cm | |
| 330 | @a本书主要内容包括:宋朝的泼皮、宋朝的疑案、宋朝的誓碑、宋朝的浪漫、宋朝的夜市、宋朝的才女、宋朝的巨奸、宋朝的耻辱、王安石种种、文人的较量、苏东坡饮酒等。 | |
| 606 | 0 | @a宋代@9song dai@x历史@x研究 |
| 690 | @aK244.07@v5 | |
| 701 | 0 | @a李国文@9li guo wen@f(1930~)@4著 |
| 801 | 0 | @aCN@bTANGWEI@c20170308 |
| 905 | @b0954873-5@dK244.07@e49@f3 | |
| 李国文说宋/李国文著.-沈阳:万卷出版公司,2016 |
| 343页;21cm |
| ISBN 978-7-5470-4181-9(精装):CNY42.80 |
| 本书主要内容包括:宋朝的泼皮、宋朝的疑案、宋朝的誓碑、宋朝的浪漫、宋朝的夜市、宋朝的才女、宋朝的巨奸、宋朝的耻辱、王安石种种、文人的较量、苏东坡饮酒等。 |
| ● |
| 相关链接 |
|
|
|
|
正题名:李国文说宋
索取号:K244.07/49
 
预约/预借
| 序号 | 登录号 | 条形码 | 馆藏地/架位号 | 状态 | 备注 |
| 1 | 0954873 | 209548738 | 第二样本阅览室/ [索取号:K244.07/49] | 在馆 | |
| 2 | 0954874 | 209548747 | 第二借阅区/ [索取号:K244.07/49] | 在馆 | |
| 3 | 0954875 | 209548756 | 第二借阅区/ [索取号:K244.07/49] | 在馆 |